[Event "GRE-ch U16"]
[Site "Patras"]
[Date "2021.07.04"]
[Round "3"]
[White "Tsilidis, Christos"]
[Black "Karagiorgos, Nikolaos"]
[Result "1/2-1/2"]
[WhiteElo "1519"]
[BlackElo "1508"]
[PlyCount "141"]
[EventDate "2021.07.02"]
[EventType "swiss"]
[EventRounds "7"]
[EventCountry "GRE"]
[SourceTitle "EXT 2023"]
[Source "ChessBase"]
[SourceDate "2022.10.05"]
[SourceVersion "1"]
[SourceVersionDate "2022.10.05"]
[SourceQuality "1"]

1. d4 d5 2. c4 e6 3. Nf3 c6 4. cxd5 exd5 5. Nc3 Bf5 6. Bf4 Bd6 7. Bxd6 Qxd6 8. e3 Nf6 9. Bd3 Bxd3 10. Qxd3 Nbd7 11. 0-0 0-0 12. h3 Rfe8 13. Nd2 Qe6 14. b4 a6 15. a4 Ne4 16. Ncxe4 dxe4 17. Qc4 Qd5 18. Qxd5 cxd5 19. Rfc1 Rec8 20. Nb3 Nb6 21. Nc5 Nc4 22. a5 Rc7 23. Rcb1 Nd6 24. Na4 Nc4 25. b5 Kf8 26. Nb6 Nxb6 27. axb6 Rd7 28. Rc1 Ke7 29. Rc7 Rad8 30. Rxd7+ Kxd7 31. bxa6 bxa6 32. Rxa6 Kc6 33. f3 exf3 34. gxf3 Rd7 35. Kf2 Rb7 36. e4 dxe4 37. fxe4 Rxb6 38. Ra8 Kb5 39. Rc8 Rc6 40. Rg8 Rf6+ 41. Ke3 g6 42. e5 Rf1 43. Ke4 Kc6 44. Rf8 Kd7 45. d5 Ke7 46. Rh8 Re1+ 47. Kf4 h5 48. d6+ Kd7 49. Rf8 Rf1+ 50. Ke4 Re1+ 51. Kd4 Rd1+ 52. Kc4 Rc1+ 53. Kd3 Rf1 54. h4 Rf3+ 55. Ke4 Rf1 56. Rb8 Re1+ 57. Kd4 Rd1+ 58. Kc3 Rc1+ 59. Kd2 Rc5 60. Rb7+ Kd8 61. Re7 f6 62. exf6 Rd5+ 63. Ke3 Rxd6 64. Rg7 Rxf6 65. Ke4 Ra6 66. Kf4 Ra4+ 67. Ke5 Rxh4 68. Rxg6 Rh1 69. Kf4 h4 70. Rh6 h3 71. Kg3 1/2-1/2

[Event "GRE-ch Online Rapid op 1st"]
[Site "Tornelo INT"]
[Date "2021.02.06"]
[Round "4"]
[White "Karagiorgos, Nikolaos"]
[Black "Kadianis, Georgios"]
[Result "1-0"]
[WhiteElo "1489"]
[BlackElo "1909"]
[PlyCount "113"]
[EventDate "2021.02.06"]
[EventType "swiss (rapid)"]
[EventRounds "8"]
[EventCountry "GRE"]
[SourceTitle "EXT 2023"]
[Source "ChessBase"]
[SourceDate "2022.10.05"]
[SourceVersion "1"]
[SourceVersionDate "2022.10.05"]
[SourceQuality "1"]

1. d4 Nf6 2. c4 e6 3. Nc3 Bb4 4. e3 d5 5. Bd3 0-0 6. Nge2 b6 7. 0-0 Bb7 8. a3 Be7 9. cxd5 exd5 10. b4 Nbd7 11. Ng3 Re8 12. Qc2 Rc8 13. Bb2 c5 14. bxc5 bxc5 15. dxc5 Nxc5 16. Bb5 Rf8 17. Nf5 Nce4 18. Rac1 Nxc3 19. Nxe7+ Qxe7 20. Bxc3 Qxa3 21. Qb2 Qxb2 22. Bxb2 Rxc1 23. Rxc1 Rc8 24. Rxc8+ Bxc8 25. Bd4 a6 26. Bc6 Be6 27. Bc3 Ne4 28. Bb4 f6 29. Bb7 a5 30. Bxa5 Nc5 31. Bc6 Kf7 32. Kf1 Ke7 33. Bb4 Kd6 34. Ba4 Bc8 35. Ke2 Ba6+ 36. Kd2 Bf1 37. Kc3 Bxg2 38. Kd4 Be4 39. Bxc5+ Ke6 40. Bf8 g5 41. Bd1 Bg2 42. Bg4+ f5 43. Be2 Bh1 44. Bh6 Kf6 45. Bf8 f4 46. Bg4 Be4 47. f3 Bf5 48. exf4 Bxg4 49. fxg4 gxf4 50. Kxd5 Kg5 51. h3 f3 52. Bc5 Kh4 53. Ke4 h5 54. Bf2+ Kxh3 55. g5 Kg2 56. Ke3 h4 57. Bxh4 1-0

[Event "GRE-ch Online Rapid op 1st"]
[Site "Tornelo INT"]
[Date "2021.02.06"]
[Round "6"]
[White "Laggousis, Andreas"]
[Black "Karagiorgos, Nikolaos"]
[Result "0-1"]
[WhiteElo "1906"]
[BlackElo "1489"]
[PlyCount "78"]
[EventDate "2021.02.06"]
[EventType "swiss (rapid)"]
[EventRounds "8"]
[EventCountry "GRE"]
[SourceTitle "EXT 2023"]
[Source "ChessBase"]
[SourceDate "2022.10.05"]
[SourceVersion "1"]
[SourceVersionDate "2022.10.05"]
[SourceQuality "1"]

1. e4 c5 2. Nc3 Nc6 3. f4 g6 4. Nf3 Bg7 5. Bb5 Nd4 6. 0-0 a6 7. Be2 d6 8. d3 e6 9. Be3 Ne7 10. Qd2 0-0 11. Rae1 b5 12. Nd1 b4 13. Kh1 Nxe2 14. Rxe2 Bb7 15. Qe1 Qa5 16. Qh4 Nc6 17. f5 exf5 18. Bh6 Nd4 19. Nxd4 cxd4 20. exf5 Qd5 21. Bxg7 Kxg7 22. fxg6 hxg6 23. Qf6+ Kg8 24. Rf4 Qh5 25. Re1 Qh3 26. Rg1 Qe6 27. Qxd4 Rae8 28. Nf2 g5 29. Rf6 Qe5 30. Rxd6 Qf5 31. Qg4 Qxg4 32. Nxg4 Re2 33. Rb6 Ba8 34. Rxb4 f5 35. Nh6+ Kg7 36. Rb6 Rf6 37. Rxf6 Kxf6 38. Rd1 Rxg2 39. h4 Rd2+ 0-1